Catálogo

Ortodoncia del adulto / (Registro nro. 12181)

Detalles MARC
000 -LEADER
fixed length control field 01430nam a2200349 i 4500
001 - CONTROL NUMBER
control field 12181
003 - CONTROL NUMBER IDENTIFIER
control field Mx-PuUPA
005 - DATE AND TIME OF LATEST TRANSACTION
control field 20260420142727.0
008 - FIXED-LENGTH DATA ELEMENTS--GENERAL INFORMATION
fixed length control field 140415s1993 mx 000 0 spa d
020 ## - INTERNATIONAL STANDARD BOOK NUMBER
International Standard Book Number 9789588760490
040 ## - CATALOGING SOURCE
Transcribing agency Mx-PuUPA
Original cataloging agency Mx-PuUPA
Language of cataloging spa
Modifying agency Mx-PuUPA
Description conventions rda
041 1# - LANGUAGE CODE
Language code of text/sound track or separate title spa
Language code of original eng
100 1# - MAIN ENTRY--PERSONAL NAME
Personal name Melsen, Birte,
Dates associated with a name 1939-
9 (RLIN) 18018
Relator term autor
240 10 - UNIFORM TITLE
Uniform title Adults Orthodontics.
Language of a work Español
245 10 - TITLE STATEMENT
Title Ortodoncia del adulto /
Statement of responsibility, etc. Birte Melsen ; traducción Sau Jan Jo chau
250 ## - EDITION STATEMENT
Edition statement Edición en idioma castellano
264 #1 - PRODUCTION, PUBLICATION, DISTRIBUTION, MANUFACTURE, AND COPYRIGHT NOTICE
Place of production, publication, distribution, manufacture Caracas, Venezuela :
Name of producer, publisher, distributor, manufacturer AMOLCA,
Date of production, publication, distribution, manufacture, or copyright notice 2013
300 ## - PHYSICAL DESCRIPTION
Extent XV, 391 páginas :
Other physical details ilustraciones (a color) ;
Dimensions 29 cm
336 ## - CONTENT TYPE
Fuente rdacontent
Content type term texto
Content type code txt
337 ## - MEDIA TYPE
Source rdamedia
Media type term sin medio
Media type code n
338 ## - CARRIER TYPE
Source rdacarrier
Carrier type term volumen
Carrier type code nc
650 #7 - SUBJECT ADDED ENTRY--TOPICAL TERM
Source of heading or term armarc
Topical term or geographic name entry element Ortodoncia
General subdivision Edad adulta
650 #7 - SUBJECT ADDED ENTRY--TOPICAL TERM
Source of heading or term armarc
Topical term or geographic name entry element Odontología
650 #7 - SUBJECT ADDED ENTRY--TOPICAL TERM
Source of heading or term armarc
Topical term or geographic name entry element Ortodoncia correctiva
700 1# - ADDED ENTRY--PERSONAL NAME
Personal name Chau, Sau San Jo
Relator term traductor
765 0# - ORIGINAL LANGUAGE ENTRY
Main entry heading Melsen, Birten
Title Adult Orthodontics
Place, publisher, and date of publication United Kingdom : John Wiley & Sons Limited, ©2012
International Standard Book Number 9781405136198
942 ## - ADDED ENTRY ELEMENTS (KOHA)
Source of classification or shelving scheme Dewey Decimal Classification
Koha item type Libro
Classification part 617.6430084
Item part M57
Existencias
Withdrawn status Lost status Source of classification or shelving scheme Damaged status Not for loan Collection code Home library Current library Shelving location Date acquired Source of acquisition Cost, normal purchase price Total Checkouts Full call number Barcode Date last seen Cost, replacement price Price effective from Koha item type
    Dewey Decimal Classification     General Biblioteca Karol Wojtyla Biblioteca Karol Wojtyla Sala general 13/04/2026 1 2970.00   617.6430084 M57 2013 106514 24/04/2026 2970.00 13/04/2026 Reserva permanente